000 00944nam a2200277 a 4500
001 BRCA_1424
005 20190320203425.0
008 990113s1996 mx-a---###---#000-0#spa-#
020 _a9686932410 (v. 2)
041 _aspa
050 4 _aF1226
_b.B73 1996
100 1 _aBrading, David A.
_9853
245 1 0 _aApogeo y derrumbe del imperio español
_cDavid Brading ; traducción de Rossana Reyes Vega ; coordinador de la obra Fausto Zerón-Medina.
260 _aMéxico
_bClío
_c1996
300 _a63 p.
_bil. (algunas color)
_c32 cm.
440 0 _aLa antorcha encendida
_v2
_94658
504 _aBibliografía: p. 63
650 1 4 _aBorbon, casa de
_94659
651 4 _aAmérica Latina
_xHistoria
_ySiglo XIX
_94660
651 4 _aEspaña
_xColonias
_93366
651 4 _aEspaña
_xHistoria
_y1700-1931
_94661
651 4 _aEspaña
_xNobleza
_94662
700 1 _aZerón-Medina, Fausto
_94663
700 1 _aReyes Vega, Rossana
_94664
942 _2lcc
_cB
999 _c1286
_d1286